<?xml version="1.0" encoding="UTF-8"?>
<record
    xmlns:xsi="http://www.w3.org/2001/XMLSchema-instance"
    xsi:schemaLocation="http://www.loc.gov/MARC21/slim http://www.loc.gov/standards/marcxml/schema/MARC21slim.xsd"
    xmlns="http://www.loc.gov/MARC21/slim">

  <leader>01541cam a22003251i 4500</leader>
  <controlfield tag="003">SA-RiAUC</controlfield>
  <controlfield tag="005">20241211145951.0</controlfield>
  <controlfield tag="008">241211s2001    jo     f      00000 ara c</controlfield>
  <datafield tag="040" ind1=" " ind2=" ">
    <subfield code="a">SA-RiAUC</subfield>
    <subfield code="b">ara</subfield>
    <subfield code="c">SA-RiAUC</subfield>
    <subfield code="e">rda</subfield>
  </datafield>
  <datafield tag="041" ind1="1" ind2=" ">
    <subfield code="a">ara</subfield>
    <subfield code="h">und</subfield>
  </datafield>
  <datafield tag="082" ind1="0" ind2="4">
    <subfield code="a">389.1</subfield>
    <subfield code="q">SA-RiAUC</subfield>
  </datafield>
  <datafield tag="090" ind1=" " ind2=" ">
    <subfield code="a">389.1  </subfield>
    <subfield code="b">&#x647;&#x640; &#x646; &#x62A;</subfield>
  </datafield>
  <datafield tag="100" ind1="1" ind2=" ">
    <subfield code="a">&#x647;&#x646;&#x62A;&#x633;&#x60C; &#x641;&#x627;&#x644;&#x62A;&#x631;&#x60C;</subfield>
    <subfield code="d">1906-1992</subfield>
    <subfield code="e">&#x645;&#x624;&#x644;&#x641;.</subfield>
  </datafield>
  <datafield tag="245" ind1="1" ind2="2">
    <subfield code="a">&#x627;&#x644;&#x645;&#x643;&#x627;&#x64A;&#x64A;&#x644; &#x648;&#x627;&#x644;&#x623;&#x648;&#x632;&#x627;&#x646; &#x627;&#x644;&#x625;&#x633;&#x644;&#x627;&#x645;&#x64A;&#x629; &#x648;&#x645;&#x627; &#x64A;&#x639;&#x627;&#x62F;&#x644;&#x647;&#x627; &#x641;&#x64A; &#x627;&#x644;&#x646;&#x638;&#x627;&#x645; &#x627;&#x644;&#x645;&#x62A;&#x631;&#x64A; /</subfield>
    <subfield code="c">&#x641;&#x627;&#x644;&#x62A;&#x631; &#x647;&#x646;&#x62A;&#x633; &#x61B; &#x62A;&#x631;&#x62C;&#x645;&#x629; &#x643;&#x627;&#x645;&#x644; &#x627;&#x644;&#x639;&#x633;&#x644;&#x64A;.</subfield>
  </datafield>
  <datafield tag="246" ind1="3" ind2="0">
    <subfield code="a">&#x627;&#x644;&#x646;&#x638;&#x627;&#x645; &#x627;&#x644;&#x645;&#x62A;&#x631;&#x64A;</subfield>
  </datafield>
  <datafield tag="250" ind1=" " ind2=" ">
    <subfield code="a">&#x627;&#x644;&#x637;&#x628;&#x639;&#x629; &#x627;&#x644;&#x62B;&#x627;&#x646;&#x64A;&#x629;.</subfield>
  </datafield>
  <datafield tag="260" ind1=" " ind2=" ">
    <subfield code="a">[&#x639;&#x645;&#x627;&#x646;&#x60C; &#x627;&#x644;&#x623;&#x631;&#x62F;&#x646;] :</subfield>
    <subfield code="b">&#x631;&#x648;&#x627;&#x626;&#x639; &#x627;&#x644;&#x645;&#x62C;&#x62F;&#x644;&#x627;&#x648;&#x649;&#x60C;</subfield>
    <subfield code="c">1421] 2001&#x623;&#x648; 1422]</subfield>
  </datafield>
  <datafield tag="264" ind1=" " ind2="1">
    <subfield code="a">&#x639;&#x645;&#x627;&#x646;&#x60C; &#x627;&#x644;&#x623;&#x631;&#x62F;&#x646; :</subfield>
    <subfield code="b">&#x631;&#x648;&#x627;&#x626;&#x639; &#x627;&#x644;&#x645;&#x62C;&#x62F;&#x644;&#x627;&#x648;&#x649;&#x60C;</subfield>
    <subfield code="c">2001</subfield>
  </datafield>
  <datafield tag="300" ind1=" " ind2=" ">
    <subfield code="a">134 &#x635;&#x641;&#x62D;&#x629; &#x61B;</subfield>
    <subfield code="c">23 &#x633;&#x645;</subfield>
  </datafield>
  <datafield tag="336" ind1=" " ind2=" ">
    <subfield code="a">&#x646;&#x635;</subfield>
    <subfield code="b">txt</subfield>
    <subfield code="2">rdacontent</subfield>
    <subfield code="3">&#x643;&#x62A;&#x627;&#x628;</subfield>
  </datafield>
  <datafield tag="337" ind1=" " ind2=" ">
    <subfield code="a">&#x628;&#x62F;&#x648;&#x646; &#x648;&#x633;&#x64A;&#x637;</subfield>
    <subfield code="b">n</subfield>
    <subfield code="2">rdamedia</subfield>
  </datafield>
  <datafield tag="338" ind1=" " ind2=" ">
    <subfield code="a">&#x645;&#x62C;&#x644;&#x62F;</subfield>
    <subfield code="b">nc</subfield>
    <subfield code="2">rdacarrier</subfield>
  </datafield>
  <datafield tag="500" ind1=" " ind2=" ">
    <subfield code="a">&#x639;&#x644;&#x649; &#x635;&#x641;&#x62D;&#x629; &#x627;&#x644;&#x639;&#x646;&#x648;&#x627;&#x646; : &#x62F;&#x644;&#x64A;&#x644; &#x627;&#x644;&#x627;&#x633;&#x62A;&#x634;&#x631;&#x627;&#x642;-&#x625;&#x635;&#x62F;&#x627;&#x631; &#x628;&#x64A;&#x631; &#x62A;&#x648;&#x644;&#x62F; &#x634;&#x628;&#x648;&#x644;&#x629;-&#x627;&#x644;&#x645;&#x62C;&#x644;&#x62F; : &#x627;&#x644;&#x645;&#x644;&#x62D;&#x642; 1 &#x627;&#x644;&#x643;&#x631;&#x627;&#x633; 1.</subfield>
  </datafield>
  <datafield tag="504" ind1=" " ind2=" ">
    <subfield code="a">&#x64A;&#x634;&#x62A;&#x645;&#x644; &#x639;&#x644;&#x649; &#x625;&#x631;&#x62C;&#x627;&#x639;&#x627;&#x62A; &#x628;&#x628;&#x644;&#x64A;&#x648;&#x62C;&#x631;&#x627;&#x641;&#x64A;&#x629; .</subfield>
  </datafield>
  <datafield tag="650" ind1=" " ind2="7">
    <subfield code="a">&#x627;&#x644;&#x645;&#x648;&#x627;&#x632;&#x64A;&#x646; &#x648;&#x627;&#x644;&#x645;&#x642;&#x627;&#x64A;&#x64A;&#x633;</subfield>
    <subfield code="z">&#x627;&#x644;&#x628;&#x644;&#x627;&#x62F; &#x627;&#x644;&#x625;&#x633;&#x644;&#x627;&#x645;&#x64A;&#x629;</subfield>
    <subfield code="2">aucsh</subfield>
  </datafield>
  <datafield tag="650" ind1=" " ind2="7">
    <subfield code="a">&#x627;&#x644;&#x645;&#x648;&#x627;&#x632;&#x64A;&#x646; &#x648;&#x627;&#x644;&#x645;&#x642;&#x627;&#x64A;&#x64A;&#x633; &#x627;&#x644;&#x625;&#x633;&#x644;&#x627;&#x645;&#x64A;&#x629;</subfield>
    <subfield code="2">aucsh</subfield>
  </datafield>
  <datafield tag="700" ind1="1" ind2=" ">
    <subfield code="a">&#x627;&#x644;&#x639;&#x633;&#x644;&#x64A;&#x60C; &#x643;&#x627;&#x645;&#x644; &#x62C;&#x645;&#x64A;&#x644;&#x60C;</subfield>
    <subfield code="d">1925-1995</subfield>
    <subfield code="e">&#x645;&#x62A;&#x631;&#x62C;&#x645;.</subfield>
  </datafield>
  <datafield tag="942" ind1=" " ind2=" ">
    <subfield code="2">ddc</subfield>
    <subfield code="c">BOOK</subfield>
    <subfield code="n">0</subfield>
  </datafield>
  <datafield tag="949" ind1=" " ind2=" ">
    <subfield code="a">SA-JeALM</subfield>
    <subfield code="d">241211</subfield>
    <subfield code="u">osman123</subfield>
    <subfield code="n">1</subfield>
  </datafield>
  <datafield tag="952" ind1=" " ind2=" ">
    <subfield code="0">0</subfield>
    <subfield code="1">0</subfield>
    <subfield code="2">ddc</subfield>
    <subfield code="4">0</subfield>
    <subfield code="7">0</subfield>
    <subfield code="a">WAHAB</subfield>
    <subfield code="b">WAHAB</subfield>
    <subfield code="d">2024-12-11</subfield>
    <subfield code="l">0</subfield>
    <subfield code="o">389.1  &#x647;&#x640; &#x646; &#x62A;</subfield>
    <subfield code="p">000005297</subfield>
    <subfield code="r">2024-12-11 15:01:32</subfield>
    <subfield code="w">2024-12-11</subfield>
    <subfield code="y">BOOK</subfield>
  </datafield>
  <datafield tag="952" ind1=" " ind2=" ">
    <subfield code="0">0</subfield>
    <subfield code="1">0</subfield>
    <subfield code="2">ddc</subfield>
    <subfield code="4">0</subfield>
    <subfield code="7">0</subfield>
    <subfield code="a">WAHAB</subfield>
    <subfield code="b">WAHAB</subfield>
    <subfield code="d">2024-12-11</subfield>
    <subfield code="l">0</subfield>
    <subfield code="o">389.1  &#x647;&#x640; &#x646; &#x62A;</subfield>
    <subfield code="p">000005298</subfield>
    <subfield code="r">2024-12-11 15:01:32</subfield>
    <subfield code="w">2024-12-11</subfield>
    <subfield code="y">BOOK</subfield>
  </datafield>
  <datafield tag="999" ind1=" " ind2=" ">
    <subfield code="c">3359</subfield>
    <subfield code="d">3359</subfield>
  </datafield>
</record>
